| 000 | 00359 a2200169 4500 | ||
|---|---|---|---|
| 001 | 46417 | ||
| 020 | _a8506035392 | ||
| 040 | _cAnchieta - Aquarius | ||
| 100 | _aJardim, Reynaldo | ||
| 240 | 1 | 0 |
_a=Viva o dia! _lpor |
| 245 | 1 | 0 | _a=Viva o dia! |
| 300 | _a60 | ||
| 362 | 0 | _a2001 | |
| 440 | 1 | _aMelhoramentos | |
| 650 | 4 | _aLiteratura brasileira | |
| 942 | _cBK | ||
| 999 |
_c46417 _d46417 |
||